|
|
|
|
| LEADER |
00000nam0a2200000 4500 |
| 001 |
292391 |
| 005 |
20231102000505.0 |
| 020 |
|
|
|a RU
|b 83-95240
|
| 035 |
|
|
|a (RuTPU)RU\TPU\book\317010
|
| 090 |
|
|
|a 292391
|
| 100 |
|
|
|a 20150422d1983 k y0rusy5003 ca
|
| 101 |
0 |
|
|a rus
|
| 102 |
|
|
|a TJ
|
| 105 |
|
|
|a a z 001zy
|
| 200 |
1 |
|
|a Эксперимент "Памир"
|f И. Б. Бободжанов, В. М. Николаев
|g Академия наук Таджикской ССР (АН ТадССР), Физико-технический институт (ФТИ) ; под ред. Ф. Нормурадова
|
| 210 |
|
|
|a Душанбе
|c Дониш
|d 1983
|
| 215 |
|
|
|a 23 с.
|c ил.
|
| 320 |
|
|
|a Библиогр.: с. 21-22
|
| 606 |
1 |
|
|a Космические лучи
|x Исследование
|2 stltpush
|3 (RuTPU)RU\TPU\subj\15850
|9 42056
|
| 610 |
1 |
|
|a физика
|
| 610 |
1 |
|
|a сверхвысокие энергии
|
| 610 |
1 |
|
|a взаимодействие
|
| 610 |
1 |
|
|a элементарные частицы
|
| 610 |
1 |
|
|a экспериментальные исследования
|
| 675 |
|
|
|a 524.1
|v 3
|
| 700 |
|
1 |
|a Бободжанов
|b И. Б.
|g Ином Б.
|
| 701 |
|
1 |
|a Николаев
|b В. М.
|g Владимир Михайлович
|
| 702 |
|
1 |
|a Нормурадов
|b Ф.
|g Файз
|4 340
|
| 712 |
0 |
2 |
|a Академия наук Таджикской ССР (АН ТадССР)
|b Физико-технический институт (ФТИ)
|c (Душанбе)
|2 stltpush
|3 (RuTPU)RU\TPU\col\17799
|
| 801 |
|
0 |
|a RU
|b RuMRKP
|c 19950704
|g psbo
|
| 801 |
|
1 |
|a RU
|b 63413507
|c 20150422
|
| 801 |
|
2 |
|a RU
|b 63413507
|c 20180419
|g RCR
|
| 942 |
|
|
|c BK
|